000
00448nam a22001337a 4500
020
_a
9788131701867
082
_a
658.4033
100
_a
P.C. Tulsian
245
_a
Quantitative techniques : theory and problems
260
_a
New Delhi
_b
Dorling kinderseley
_c
2006.
300
_a
different pages
942
_c
BK
999
_c
350009
_d
350009